[Event "World Rapid 2022"]
[Site "Almaty KAZ"]
[Date "2022.12.26"]
[Round "2.50"]
[White "Naiditsch, Arkadij"]
[Black "Agmanov, Zhandos"]
[Result "0-1"]
[WhiteTitle "GM"]
[BlackTitle "IM"]
[WhiteElo "2659"]
[BlackElo "2442"]
[WhiteFideId "4650891"]
[BlackFideId "13708309"]
[EventDate "2022.12.26"]

1. e4 c6 2. d4 d5 3. e5 Bf5 4. Ne2 e6 5. Ng3 Bg6 6. h4 h5 7. Be2 Be7 8. Nxh5
Bxh5 9. Bxh5 g6 10. Be2 Rxh4 11. Rxh4 Bxh4 12. g3 Be7 13. c3 c5 14. Be3 Nc6 15.
Nd2 Qb6 16. Qb3 cxd4 17. Qxb6 axb6 18. cxd4 Nb4 19. Rc1 Rxa2 20. Rc8+ Bd8 21.
Bb5+ Nc6 22. Bxc6+ bxc6 23. Rxc6 Rxb2 24. Rc8 Ne7 25. Ra8 Kd7 26. Bg5 Nc6 27.
Bxd8 Nxd8 28. Ra7+ Kc6 29. Nf3 b5 30. Ra8 Kc7 31. Nd2 Rb4 32. Nf3 Rc4 33. Kd2 b4
34. Ke3 b3 35. Ra7+ Kb6 36. Ra1 Rc3+ 37. Kf4 Nc6 38. Rb1 Kb5 39. Kg4 Kc4 40. Ng5
Nxd4 41. Nxf7 Rc2 42. f4 b2 43. Kg5 Rg2 44. Kxg6 Rxg3+ 45. Kf6 Kc3 46. Ng5 Kc2
47. Rh1 b1=Q 0-1

[Event "World Rapid 2022"]
[Site "Almaty KAZ"]
[Date "2022.12.26"]
[Round "2.51"]
[White "Niemann, Hans Moke"]
[Black "Nogerbek, Kazybek"]
[Result "1-0"]
[WhiteTitle "GM"]
[BlackTitle "IM"]
[WhiteElo "2698"]
[BlackElo "2468"]
[WhiteFideId "2093596"]
[BlackFideId "13710427"]
[EventDate "2022.12.26"]

1. c4 e5 2. g3 Nf6 3. Bg2 Bc5 4. d3 O-O 5. Nf3 Nc6 6. Nc3 h6 7. Bd2 d6 8. O-O
Bf5 9. e4 Bg4 10. h3 Bxf3 11. Bxf3 a6 12. Bg2 Nd4 13. Kh2 b5 14. f4 exf4 15.
gxf4 Nd7 16. Nd5 c6 17. Ne3 Re8 18. b4 Ba7 19. a4 Qc7 20. axb5 axb5 21. Bc3 Bb6
22. Rc1 bxc4 23. dxc4 c5 24. Nd5 Qd8 25. bxc5 dxc5 26. e5 Ra2 27. Ra1 Rxa1 28.
Bxa1 Bc7 29. Bxd4 cxd4 30. Nxc7 Qxc7 31. Qxd4 Rb8 32. Rd1 Nc5 33. Qd6 Qa7 34. f5
Rb2 35. Rd2 Rxd2 36. Qxd2 Kh7 37. Qd6 Nb3 38. e6 fxe6 39. fxe6 Qf2 40. Qd3+ Kh8
41. Qxb3 Qf4+ 42. Qg3 1-0

[Event "World Rapid 2022"]
[Site "Almaty KAZ"]
[Date "2022.12.26"]
[Round "2.52"]
[White "Kazakov, Konstantin"]
[Black "Predke, Alexandr"]
[Result "0-1"]
[WhiteTitle "IM"]
[BlackTitle "GM"]
[WhiteElo "2385"]
[BlackElo "2684"]
[WhiteFideId "13700898"]
[BlackFideId "24107581"]
[EventDate "2022.12.26"]

1. e4 c5 2. Nc3 a6 3. g3 b5 4. Bg2 Bb7 5. Nge2 e6 6. O-O Nf6 7. Re1 b4 8. Nd5
exd5 9. exd5 d6 10. Nd4+ Kd7 11. Nf3 Bxd5 12. c4 bxc3 13. bxc3 Nc6 14. c4 Bxf3
15. Qxf3 d5 16. Bb2 Bd6 17. cxd5 Na5 18. Bxf6 Qxf6 19. Qg4+ Kc7 20. Qa4 Nb7 21.
Qc6+ Kb8 22. Rab1 Ra7 23. Re8+ Rxe8 24. Qxe8+ Kc7 25. Qc6+ Kb8 26. Qe8+ Kc7 27.
Bh3 Qd8 28. Qxf7+ Qe7 29. Qg8 Nd8 30. Qxh7 Rb7 31. Rc1 Kb8 32. Qd3 Ka7 33. a4
Rb4 34. Qc2 Nb7 35. Be6 Qf6 36. Bd7 Qd4 37. Bc6 Rb2 38. Qf5 Qxd2 39. Rf1 c4 40.
Qf7 g5 41. Qe6 Bc5 42. Bxb7 Bxf2+ 43. Kh1 Bb6 44. Qh3 g4 0-1

[Event "World Rapid 2022"]
[Site "Almaty KAZ"]
[Date "2022.12.26"]
[Round "2.53"]
[White "Gharibyan, Mamikon"]
[Black "Riazantsev, Alexander"]
[Result "0-1"]
[WhiteTitle "IM"]
[BlackTitle "GM"]
[WhiteElo "2480"]
[BlackElo "2626"]
[WhiteFideId "13308300"]
[BlackFideId "4125029"]
[EventDate "2022.12.26"]

1. d4 Nf6 2. Nf3 d5 3. c3 c5 4. dxc5 e6 5. b4 a5 6. e3 axb4 7. cxb4 b6 8. Bb5+
Bd7 9. Bxd7+ Nbxd7 10. a4 bxc5 11. b5 Be7 12. Bb2 O-O 13. O-O Ne4 14. Nbd2 Nxd2
15. Qxd2 Nb6 16. Qc2 Nc4 17. Bc3 Bd6 18. e4 Bc7 19. Rfd1 Qd6 20. g3 Rfd8 21. Kg2
h6 22. Nh4 Qd7 23. Rac1 Ba5 24. Ba1 Qb7 25. Qe2 Nb6 26. exd5 Rxd5 27. Qf3 c4 28.
Kh3 Rc8 29. Rd4 Qc7 30. Rg4 c3 31. Qe3 Rh5 32. Kg2 Nd5 33. Qd4 Qe5 34. Qd3 Qf6
35. Nf3 Rf5 36. h4 Bb6 37. Re4 Ba5 38. Qe2 Bb6 39. Rc2 Qe7 40. Ne5 Rxf2+ 41.
Qxf2 Bxf2 42. Rxf2 c2 43. Bb2 c1=Q 44. Bxc1 Rxc1 45. a5 Nf6 46. Nc6 Rxc6 47.
bxc6 Nxe4 48. Rc2 Qc7 0-1

[Event "World Rapid 2022"]
[Site "Almaty KAZ"]
[Date "2022.12.26"]
[Round "2.54"]
[White "Ponkratov, Pavel"]
[Black "Everett, Elijah"]
[Result "1-0"]
[WhiteTitle "GM"]
[WhiteElo "2577"]
[BlackElo "2202"]
[WhiteFideId "4157800"]
[BlackFideId "12973696"]
[EventDate "2022.12.26"]

1. e4 c5 2. Nf3 d6 3. d4 cxd4 4. Nxd4 Nf6 5. Bb5+ Nbd7 6. O-O a6 7. Bd3 e6 8.
Re1 Be7 9. c4 O-O 10. Nc3 Qc7 11. Bg5 b6 12. Rc1 Bb7 13. b3 Rac8 14. Bb1 Rfe8
15. Bh4 Nf8 16. Bg3 Ng6 17. f4 e5 18. fxe5 dxe5 19. Nf5 Ba3 20. Rc2 b5 21. Nd5
Nxd5 22. cxd5 Qd8 23. h4 Bf8 24. h5 Ne7 25. Bh4 Rxc2 26. Qxc2 Qd7 27. Ne3 Rc8
28. Qf2 Re8 29. Rf1 Nc8 30. h6 g6 31. Ng4 1-0

[Event "World Rapid 2022"]
[Site "Almaty KAZ"]
[Date "2022.12.26"]
[Round "2.55"]
[White "Ghasi, Ameet K"]
[Black "Suleimen, Ergali"]
[Result "1-0"]
[WhiteTitle "IM"]
[WhiteElo "2471"]
[BlackElo "2073"]
[WhiteFideId "409200"]
[BlackFideId "13724452"]
[EventDate "2022.12.26"]

1. Nf3 Nf6 2. g3 g6 3. b3 Bg7 4. Bb2 O-O 5. Bg2 d5 6. c4 c6 7. O-O Nbd7 8. a4 a5
9. Na3 e6 10. d4 Ne4 11. e3 Qe7 12. Rc1 Rd8 13. Qc2 Nb8 14. Ne5 f6 15. Nd3 Na6
16. Rfd1 Bd7 17. Nb1 Be8 18. Nd2 Nxd2 19. Qxd2 Nc7 20. Bc3 b6 21. c5 b5 22. Bxa5
bxa4 23. bxa4 Ra7 24. Nb2 e5 25. dxe5 fxe5 26. e4 Rd7 27. Bb6 Rb7 28. a5 dxe4
29. Qe2 Ne6 30. a6 Rb8 31. Rxd7 Qxd7 32. Qxe4 Nd4 33. Rd1 Bf7 34. a7 Ra8 35.
Rxd4 exd4 36. Qxc6 Rxa7 37. Bxa7 Qxa7 38. Bd5 Qe7 39. Nd3 Bf8 40. Bxf7+ Qxf7 41.
Ne5 Qb3 42. Qe8 d3 43. Nd7 Qf7 44. Qxf7+ Kxf7 45. Ne5+ Ke6 46. Nxd3 Kd5 47. Nf4+
Kc6 48. Ne6 Be7 49. h4 Kd5 50. Ng5 h6 51. Nf7 Bf8 52. c6 Kxc6 53. Ne5+ Kd5 54.
Nxg6 Bg7 55. Kg2 Ke4 56. Nf4 Be5 57. f3+ Kf5 58. Nh5 Kg6 59. g4 Bd6 60. f4 Be7
61. Kg3 Bd6 62. Kh3 Bc7 63. f5+ Kf7 64. g5 hxg5 65. hxg5 Ba5 66. Kg4 1-0

[Event "World Rapid 2022"]
[Site "Almaty KAZ"]
[Date "2022.12.26"]
[Round "2.56"]
[White "Kobalia, Mikhail"]
[Black "Mamatov, Melis"]
[Result "1/2-1/2"]
[WhiteTitle "GM"]
[BlackTitle "FM"]
[WhiteElo "2577"]
[BlackElo "2399"]
[WhiteFideId "4119150"]
[BlackFideId "13800027"]
[EventDate "2022.12.26"]

1. e4 c5 2. Nf3 d6 3. Bb5+ Bd7 4. Bxd7+ Qxd7 5. O-O Nc6 6. c3 g6 7. d4 Bg7 8.
dxc5 dxc5 9. Qxd7+ Kxd7 10. Rd1+ Ke8 11. Bf4 Nf6 12. Nbd2 Rd8 13. h3 b6 14. Bh2
Nd7 15. Nc4 Nf8 16. Nfe5 Bxe5 17. Bxe5 f6 18. Bg3 Ne6 19. Rd5 Ng5 20. f3 Nf7 21.
Rad1 e6 22. Rxd8+ Ncxd8 23. Nd6+ Nxd6 24. Rxd6 Rg8 25. b4 cxb4 26. cxb4 Rg7 27.
Kf2 Rd7 28. Ke3 Rxd6 29. Bxd6 Kd7 30. Bg3 e5 31. Kd3 b5 32. Bf2 Nc6 33. a3 Ke6
34. Be3 a6 35. Bf2 Nd8 36. Be3 Nb7 37. Kc3 Nd6 38. Bc5 Nc4 39. a4 h5 40. a5 h4
41. Kd3 g5 42. Ke2 Kf7 43. Kf2 Kg6 44. Ke2 Kf7 1/2-1/2

[Event "World Rapid 2022"]
[Site "Almaty KAZ"]
[Date "2022.12.26"]
[Round "2.57"]
[White "Khusnutdinov, Rustam"]
[Black "Jobava, Baadur"]
[Result "0-1"]
[WhiteTitle "GM"]
[BlackTitle "GM"]
[WhiteElo "2441"]
[BlackElo "2578"]
[WhiteFideId "13701703"]
[BlackFideId "13601520"]
[EventDate "2022.12.26"]

1. e4 c6 2. Nf3 d5 3. Nc3 Bg4 4. h3 Bxf3 5. Qxf3 e6 6. Be2 Nd7 7. O-O g6 8. d4
Bg7 9. Rd1 Ne7 10. Bg5 O-O 11. Bf1 Re8 12. Qe3 Bf6 13. Bh6 Qb6 14. Rab1 Rad8 15.
Bf4 dxe4 16. Nxe4 Nd5 17. Nxf6+ N7xf6 18. Qf3 Nxf4 19. Qxf4 Nd5 20. Qf3 Rd7 21.
c3 a5 22. g3 e5 23. dxe5 Rxe5 24. Rd4 Rde7 25. Bc4 Rf5 26. Qd3 Nf6 27. Qc2 Kg7
28. Rbd1 h5 29. b4 axb4 30. cxb4 Re1+ 31. Kg2 Rxd1 32. Qxd1 c5 33. bxc5 Qc6+ 34.
Kg1 Rxc5 35. Bf1 Rc1 36. Qd3 Ra1 37. Rc4 Qe6 38. Qc3 Rxa2 39. Bg2 b5 40. Rc6 Qf5
41. Qd4 Ra4 42. Qc5 Ra1+ 43. Kh2 Qb1 44. f4 Qb2 45. Qe5 Ra2 46. Qxb2 Rxb2 47.
Kg1 b4 48. Rb6 Rb1+ 49. Kf2 Rb2+ 50. Kg1 Nd7 51. Rb5 Nf8 52. Bd5 Ne6 53. h4 Nc7
54. Rc5 Nxd5 55. Rxd5 Kf6 56. Rb5 Ke6 57. Rb6+ Kd5 58. Rb7 b3 0-1

[Event "World Rapid 2022"]
[Site "Almaty KAZ"]
[Date "2022.12.26"]
[Round "2.58"]
[White "Rakhmanov, Aleksandr"]
[Black "Arjun, Kalyan"]
[Result "1-0"]
[WhiteTitle "GM"]
[BlackTitle "GM"]
[WhiteElo "2630"]
[BlackElo "2505"]
[WhiteFideId "4173708"]
[BlackFideId "35018701"]
[EventDate "2022.12.26"]

1. d4 Nf6 2. c4 e6 3. Nc3 Bb4 4. e3 O-O 5. Bd3 d5 6. a3 Bxc3+ 7. bxc3 dxc4 8.
Bxc4 c5 9. Ne2 Qc7 10. Bd3 Nc6 11. O-O Rd8 12. Ng3 e5 13. f4 exd4 14. cxd4 Bg4
15. Qc2 cxd4 16. e4 h5 17. h3 h4 18. Nh1 Bh5 19. Bd2 Qe7 20. Nf2 Rac8 21. Qb2
Nd7 22. Rae1 Nc5 23. e5 Qd7 24. f5 Qd5 25. e6 f6 26. Bb1 Ne7 27. Ne4 b6 28. Rf4
d3 29. Nxf6+ gxf6 30. Ba2 Nb3 31. Bxb3 Qc5+ 32. Kh1 Kg7 33. Bb4 Qc7 34. Qf2 Rh8
35. Qxh4 a5 36. Bxe7 Qxe7 37. Qg3+ Kh6 38. Rh4 Rcg8 39. Qxd3 Rg5 40. Bd1 Rd8 41.
Qe3 Rxd1 42. Rxd1 Qb7 43. Rd2 Qc6 44. e7 Qc1+ 45. Kh2 Qc7+ 46. g3 Kg7 47. Rxh5 1-0

[Event "World Rapid 2022"]
[Site "Almaty KAZ"]
[Date "2022.12.26"]
[Round "2.60"]
[White "Munkhgal, Gombosuren"]
[Black "Savchenko, Boris"]
[Result "0-1"]
[WhiteTitle "GM"]
[BlackTitle "GM"]
[WhiteElo "2463"]
[BlackElo "2552"]
[WhiteFideId "4901266"]
[BlackFideId "4147332"]
[EventDate "2022.12.26"]

1. d4 Nf6 2. Bf4 c5 3. e3 e6 4. Nf3 Nc6 5. c3 Nh5 6. Bg5 Qb6 7. Qb3 h6 8. Bh4 g5
9. Bg3 Nxg3 10. hxg3 Bg7 11. Nbd2 d5 12. Qa3 cxd4 13. exd4 g4 14. Nh4 e5 15.
dxe5 Be6 16. Nb3 h5 17. Qc5 Bxe5 18. Bb5 O-O-O 19. Qxb6 axb6 20. O-O-O Kc7 21.
Rhe1 Bf6 22. Kb1 Rhg8 23. Nd4 Nxd4 24. cxd4 Kd6 25. Ba4 Rc8 26. Bc2 Rc4 27. Nf5+
Kd7 28. Bd3 Bxf5 29. Bxf5+ Kd6 30. Re2 Rxd4 31. Rxd4 Bxd4 32. Kc2 Rg5 33. Kd3
Be5 34. Bc8 Rg8 35. Bf5 b5 36. a3 Ra8 37. Bd7 Bxb2 38. Rxb2 Rxa3+ 39. Kd4 Ra4+
40. Ke3 Kxd7 41. Rxb5 Kc6 42. Rb1 Ra3+ 43. Kf4 Ra2 44. f3 b5 45. fxg4 Ra4+ 46.
Ke5 Re4+ 47. Kf6 Rxg4 48. Rb3 b4 49. Kxf7 Kc5 0-1

[Event "World Rapid 2022"]
[Site "Almaty KAZ"]
[Date "2022.12.26"]
[Round "2.61"]
[White "Adly, Ahmed"]
[Black "Petkov, Momchil"]
[Result "1/2-1/2"]
[WhiteTitle "GM"]
[BlackTitle "GM"]
[WhiteElo "2596"]
[BlackElo "2531"]
[WhiteFideId "10601619"]
[BlackFideId "2921642"]
[EventDate "2022.12.26"]

1. d4 Nf6 2. Nf3 d5 3. g3 e6 4. Bg2 Be7 5. c4 O-O 6. O-O a5 7. Qc2 Nc6 8. a3 a4
9. Bg5 dxc4 10. Qxc4 Bd7 11. Nc3 Na5 12. Qd3 Nd5 13. h4 Nxc3 14. Qxc3 Bc6 15.
Rad1 h6 16. Bf4 Nb3 17. Rfe1 Bd6 18. e4 Bxf4 19. gxf4 Qf6 20. Qe3 Rfd8 21. h5
Bb5 22. Bh3 c5 23. dxc5 Qxb2 24. f5 exf5 25. Bxf5 Rxd1 26. Rxd1 Qe2 27. Re1 Qxe3
28. Rxe3 Nxc5 29. Rc3 b6 30. Nd4 Be8 31. f3 Rd8 32. Rc4 f6 33. Rb4 Bxh5 34. Kg2
Nd3 35. Rxa4 Be8 36. Rc4 b5 37. Rc8 Rxc8 38. Bxc8 b4 39. axb4 Nxb4 40. Kg3 Nc6
41. Nf5 Kf8 42. Ne3 Ne7 43. Ba6 g5 44. f4 Ng6 45. Ng2 h5 46. Be2 h4+ 47. Kh3 Bc6
48. Bh5 Bd7+ 49. Bg4 Ke7 50. Bxd7 Kxd7 51. fxg5 fxg5 52. Ne3 Ke6 53. Kg4 Kf6 54.
Nd5+ Kg7 55. Kxg5 h3 56. Ne3 h2 57. Nf5+ Kf7 58. Ng3 Ne7 59. Kg4 Ke6 60. Kh3 Nc8
61. Kxh2 Nd6 62. Kg2 Nxe4 63. Nxe4 1/2-1/2

[Event "World Rapid 2022"]
[Site "Almaty KAZ"]
[Date "2022.12.26"]
[Round "2.62"]
[White "Tari, Aryan"]
[Black "Kostenko, Petr"]
[Result "0-1"]
[WhiteTitle "GM"]
[BlackTitle "GM"]
[WhiteElo "2659"]
[BlackElo "2374"]
[WhiteFideId "1510045"]
[BlackFideId "13700669"]
[EventDate "2022.12.26"]

1. e4 e5 2. Nf3 Nc6 3. Bc4 Nf6 4. d3 h6 5. Nc3 d6 6. a4 g6 7. a5 Bg7 8. a6 b6 9.
h3 Na5 10. Ba2 c5 11. Bc4 O-O 12. O-O Bd7 13. Bd2 Kh7 14. Re1 Ne8 15. Bd5 Rb8
16. Ne2 Nc7 17. b4 Nc6 18. bxc5 bxc5 19. Bc4 f5 20. Nc3 Nb4 21. Nd5 fxe4 22.
dxe4 Ncxd5 23. exd5 Bf5 24. Rc1 e4 25. Nh2 Qh4 26. Be3 Rb6 27. Rb1 Bc3 28. Rf1
Rfb8 29. Rb3 Be5 30. Qd2 Bc8 31. Rfb1 Bg7 32. Qe2 Qe7 33. Nf1 Qe5 34. Qd2 Bxa6
35. Bxa6 Nxa6 36. Bf4 Qe7 37. Ne3 Rxb3 38. Rxb3 Rxb3 39. cxb3 Qf6 40. Nc4 Nb4
41. Bxd6 Nd3 42. Bg3 h5 43. h4 Qa1+ 44. Kh2 Qd4 45. d6 Bf6 46. Qa2 Kh6 47. Qd2+
g5 48. Qe3 Qxe3 49. Nxe3 gxh4 50. Nf5+ Kg6 51. Nxh4+ Kf7 52. Nf5 Ke6 53. Ne3 h4
54. Nc4 hxg3+ 55. Kxg3 Ne5 56. Kf4 Nxc4 57. bxc4 a5 58. Kxe4 a4 59. Kd3 a3 60.
Kc2 a2 0-1

[Event "World Rapid 2022"]
[Site "Almaty KAZ"]
[Date "2022.12.26"]
[Round "2.63"]
[White "Ghaem Maghami, Ehsan"]
[Black "Gadimbayli, Abdulla"]
[Result "1-0"]
[WhiteTitle "GM"]
[BlackTitle "GM"]
[WhiteElo "2490"]
[BlackElo "2524"]
[WhiteFideId "12500739"]
[BlackFideId "13404938"]
[EventDate "2022.12.26"]

1. c4 Nf6 2. Nc3 e5 3. Nf3 Nc6 4. d3 d5 5. cxd5 Nxd5 6. e3 Be7 7. Be2 O-O 8. O-O
Be6 9. a3 f5 10. Bd2 Bf6 11. Qc2 Qe7 12. Rac1 Rad8 13. b4 a6 14. Na4 Kh8 15. Nc5
Bc8 16. e4 Nf4 17. Bxf4 exf4 18. exf5 Rde8 19. Rfe1 Nd4 20. Nxd4 Bxd4 21. Qd2
Bxc5 22. Bh5 Be3 23. fxe3 fxe3 24. Qe2 Rd8 25. Qxe3 Qd6 26. Bf3 c6 27. Be4 Bxf5
28. Rc5 Rde8 29. Rc4 h6 30. Qd4 Qg6 31. Rc2 Rd8 32. Qe3 Qd6 33. Rf2 Bxe4 34.
Rxf8+ Rxf8 35. dxe4 Qe5 36. h3 Rd8 37. Rf1 Qd4 38. Qxd4 Rxd4 39. Rf7 Rxe4 40.
Rxb7 a5 41. Kf2 Rc4 42. bxa5 Rc3 43. a4 Rc4 44. a6 Rxa4 45. a7 Kh7 46. Ke3 c5
47. Kd3 Kg6 48. Kc3 c4 49. Kd4 Kf6 50. Rc7 g5 51. Kc5 Ke5 52. Kb5 Ra1 53. Kxc4
Kf4 54. Kb4 Rb1+ 55. Ka5 Ra1+ 56. Kb6 Rb1+ 57. Kc6 Ra1 58. Kb7 Rb1+ 59. Kc8 1-0

[Event "World Rapid 2022"]
[Site "Almaty KAZ"]
[Date "2022.12.26"]
[Round "2.64"]
[White "Chigaev, Maksim"]
[Black "Zhalmakhanov, Ramazan"]
[Result "1-0"]
[WhiteTitle "GM"]
[BlackTitle "IM"]
[WhiteElo "2632"]
[BlackElo "2401"]
[WhiteFideId "4108116"]
[BlackFideId "13706357"]
[EventDate "2022.12.26"]

1. d4 d5 2. c4 e6 3. Nf3 Nf6 4. g3 dxc4 5. Bg2 Bb4+ 6. Nbd2 b5 7. a3 Be7 8. Ne5
Nd5 9. O-O O-O 10. a4 c6 11. e4 Nf6 12. d5 Qc7 13. Nxc6 Nxc6 14. dxc6 Qxc6 15.
axb5 Qxb5 16. e5 Nd5 17. Qg4 Bb7 18. Nxc4 h5 19. Qe4 Rfc8 20. Nd6 Bxd6 21. exd6
Qb6 22. Qe5 Rc5 23. Qd4 Rd8 24. Qa4 a6 25. Bg5 f6 26. Bd2 Qxd6 27. Bb4 Nxb4 28.
Bxb7 a5 29. Bf3 Qb6 30. Rad1 g6 31. Qb3 Kf7 32. Qe3 Rxd1 33. Rxd1 Qc7 34. Qh6 f5
35. Qh7+ Kf6 36. Rd7 Rc1+ 37. Kg2 Qc4 38. Qg7+ Kg5 39. h4+ 1-0

[Event "World Rapid 2022"]
[Site "Almaty KAZ"]
[Date "2022.12.26"]
[Round "2.65"]
[White "Adhiban, Baskaran"]
[Black "Vetokhin, Savva"]
[Result "1/2-1/2"]
[WhiteTitle "GM"]
[BlackTitle "IM"]
[WhiteElo "2611"]
[BlackElo "2354"]
[WhiteFideId "5018471"]
[BlackFideId "44144474"]
[EventDate "2022.12.26"]

1. d4 Nf6 2. Nf3 e6 3. c4 d5 4. Nc3 Bb4 5. e3 O-O 6. Bd2 b6 7. cxd5 exd5 8. Rc1
c5 9. Be2 Nc6 10. dxc5 bxc5 11. Na4 Bxd2+ 12. Nxd2 d4 13. e4 d3 14. Bf3 Nd4 15.
O-O Nd7 16. Nxc5 Ne5 17. Kh1 Ndxf3 18. Nxf3 Bg4 19. Nb3 Qf6 20. Nbd2 Rad8 21. b3
Bxf3 22. gxf3 Rc8 23. Rxc8 Rxc8 24. Nc4 Nxf3 25. Kg2 Nh4+ 26. Kg3 Ng6 27. Qf3
Qh4+ 28. Kg2 Rd8 29. Rd1 h5 30. Ne3 Qg5+ 31. Kh1 d2 32. Nd5 Ne5 33. Qg3 Qxg3 34.
hxg3 f5 35. Rxd2 Kf7 36. exf5 Ng4 37. Kg2 Nf6 38. Rc2 Rxd5 39. Rc7+ Rd7 40. Rc5
Ke7 41. Kf3 Kd6 42. Ra5 Kc6 43. Kf4 Rd4+ 44. Kf3 Rd3+ 45. Kf4 Rd4+ 46. Kf3 Rd7
47. Kf4 Rd2 48. Rxa7 Rxf2+ 49. Kg5 Ne4+ 50. Kxh5 Nxg3+ 51. Kg6 Nxf5 52. Ra5 Nd6 1/2-1/2

[Event "World Rapid 2022"]
[Site "Almaty KAZ"]
[Date "2022.12.26"]
[Round "2.66"]
[White "Uruci, Endrit"]
[Black "Ter-Sahakyan, Samvel"]
[Result "0-1"]
[WhiteTitle "FM"]
[BlackTitle "GM"]
[WhiteElo "2297"]
[BlackElo "2605"]
[WhiteFideId "22100199"]
[BlackFideId "13302531"]
[EventDate "2022.12.26"]

1. e4 c5 2. Nf3 Nc6 3. Bb5 Nf6 4. Bxc6 dxc6 5. e5 Nd5 6. h3 Bf5 7. d3 c4 8. Nh4
Be6 9. d4 c5 10. O-O Rc8 11. Nc3 Nxc3 12. bxc3 Bd5 13. Qg4 e6 14. f4 g6 15. dxc5
Bxc5+ 16. Kh2 Qa5 17. Bb2 Rc6 18. a4 Rb6 19. Ba3 Bxa3 20. Rxa3 Rb2 21. Qe2 O-O
22. Nf3 Bxf3 23. Rxf3 Rd8 24. Qxc4 Rd2 25. Rb3 Rbxc2 26. Rg3 b6 27. Rb5 Qa6 28.
f5 Qb7 29. Qg4 exf5 30. Qg5 0-1

[Event "World Rapid 2022"]
[Site "Almaty KAZ"]
[Date "2022.12.26"]
[Round "2.67"]
[White "Vakhidov, Jakhongir"]
[Black "Haldorsen, Benjamin"]
[Result "1/2-1/2"]
[WhiteTitle "GM"]
[BlackTitle "IM"]
[WhiteElo "2607"]
[BlackElo "2449"]
[WhiteFideId "14201801"]
[BlackFideId "1512633"]
[EventDate "2022.12.26"]

1. c4 g6 2. Nc3 Bg7 3. Nf3 c5 4. g3 Nc6 5. Bg2 d6 6. O-O e6 7. e3 Nge7 8. d4 O-O
9. Rb1 cxd4 10. exd4 d5 11. b3 h6 12. Ba3 Re8 13. Re1 a6 14. cxd5 Nxd5 15. Nxd5
exd5 16. Rxe8+ Qxe8 17. Qd2 Bf5 18. Re1 Qd8 19. Ne5 Rc8 20. g4 Nxe5 21. gxf5 Nc6
22. fxg6 fxg6 23. Re6 Kh7 24. Qc2 Qg5 25. Bb2 Nxd4 26. Qxc8 Nxe6 27. Qxb7 Qf5
28. Bxg7 Nxg7 29. Qxd5 Qb1+ 30. Bf1 Qxa2 31. Bc4 Qa1+ 32. Kg2 h5 33. Qg8+ Kh6
34. h4 Nf5 35. Qf8+ Qg7 36. Qd8 Qd4 37. Qf8+ Qg7 38. Qxg7+ Kxg7 39. b4 Nxh4+ 40.
Kh3 Nf5 41. Bxa6 Nd6 42. Bd3 g5 43. b5 Nc8 44. Be4 Kf6 45. Bc6 Nb6 46. Be8 h4
47. Kg4 Nc4 48. Kh3 Kf5 49. Bd7+ Kf4 50. Bg4 Nb6 51. Bd1 Nd5 52. Bh5 Nb6 53. Bd1
Nd5 1/2-1/2

[Event "World Rapid 2022"]
[Site "Almaty KAZ"]
[Date "2022.12.26"]
[Round "2.68"]
[White "Idani, Pouya"]
[Black "Khripachenko, Alexander"]
[Result "1-0"]
[WhiteTitle "GM"]
[BlackTitle "FM"]
[WhiteElo "2637"]
[BlackElo "2219"]
[WhiteFideId "12510130"]
[BlackFideId "54184975"]
[EventDate "2022.12.26"]

1. e4 e5 2. Nf3 Nf6 3. d4 Nxe4 4. Bd3 Nc6 5. Nxe5 Nxe5 6. dxe5 Nc5 7. Bc4 d6 8.
Qf3 Ne6 9. Bxe6 Bxe6 10. Qxb7 dxe5 11. Qb5+ Qd7 12. Qxe5 Bd6 13. Qe4 O-O 14. O-O
Bd5 15. Qh4 Qc6 16. f3 Qxc2 17. Nc3 Bc6 18. Qc4 Bd7 19. Qe4 Qxe4 20. Nxe4 Be5
21. Rd1 Be6 22. f4 Bd6 23. Nxd6 cxd6 24. Rxd6 Rfc8 25. Bd2 a5 26. a4 h6 27. Bc3
Rc4 28. g3 Re4 29. Kf2 Bg4 30. Rd2 h5 31. Kg2 Be6 32. Kf3 Rc4 33. Rd4 Rc6 34.
Ke3 Bb3 35. Kd2 h4 36. f5 hxg3 37. hxg3 Rh6 38. Rh4 Rxh4 39. gxh4 Rd8+ 40. Ke3
Rd5 41. Rg1 Rxf5 42. Rxg7+ Kf8 43. Rg4 Ke7 44. Rg8 Rh5 45. Rg4 Ke6 46. Rf4 f5
47. Bxa5 Rh8 48. Bc3 Rg8 49. a5 Bd5 50. Kd4 Be4 51. h5 Kf6 52. Rh4 Kg5 53. Rh2
Rh8 54. Bd2+ Kg4 55. h6 Bb7 56. Ke5 f4 57. Bxf4 Re8+ 58. Kf6 Be4 59. h7 Bxh7 60.
Rxh7 Kxf4 61. a6 Ke4 62. Re7+ 1-0

[Event "World Rapid 2022"]
[Site "Almaty KAZ"]
[Date "2022.12.26"]
[Round "2.69"]
[White "Pantsulaia, Levan"]
[Black "Gurel, Ediz"]
[Result "1-0"]
[WhiteTitle "GM"]
[BlackTitle "IM"]
[WhiteElo "2597"]
[BlackElo "2454"]
[WhiteFideId "13602071"]
[BlackFideId "44507356"]
[EventDate "2022.12.26"]

1. Nf3 Nf6 2. g3 d5 3. Bg2 Bf5 4. c4 c6 5. cxd5 cxd5 6. Qb3 Qc8 7. Nc3 e6 8. O-O
Nc6 9. d3 Be7 10. Bf4 O-O 11. Rac1 Nd7 12. Nb5 Nc5 13. Qc3 Qd7 14. Nbd4 Nxd4 15.
Qxd4 Rac8 16. b4 Na4 17. e4 Bg6 18. Ne5 Qb5 19. exd5 exd5 20. Nxg6 hxg6 21. a3
Bf6 22. Qxd5 Qxd5 23. Bxd5 Nc3 24. Bf3 Rcd8 25. Rc2 b6 26. Rd2 Rfe8 27. h4 Re7
28. Kg2 Nb5 29. a4 Nd4 30. Bg4 Nc6 31. b5 Nb4 32. d4 Rxd4 33. Rxd4 Bxd4 34. Bd6
Bc5 35. Bxe7 Bxe7 36. Rd1 a5 37. Rd7 Bc5 38. Bd1 f5 39. h5 gxh5 40. Bxh5 Kh7 41.
Bd1 Kh6 42. Bb3 Kg6 43. f4 Kf6 44. Kh3 g5 45. Rf7+ Kg6 46. fxg5 Be3 47. Be6 Bxg5
48. Rxf5 Nd3 49. Rd5 Nc5 50. Bf5+ Kf6 51. Bc2 Be3 52. Kg4 Ke6 53. Rh5 Kf6 54.
Kf3 Bg5 55. Rh8 Ke6 56. Rg8 Be7 57. g4 Ke5 58. Rg6 Ne6 59. Bf5 Nd4+ 60. Ke3
Nxf5+ 61. gxf5 Kxf5 62. Rc6 Ke5 63. Kd3 Bc5 64. Kc4 Be3 65. Rc8 Bf2 66. Re8+ Kd6
67. Re2 Bc5 68. Rg2 Be3 69. Kd3 Bc5 70. Ke4 Ba3 71. Rg6+ Kc5 72. Rc6+ Kb4 73.
Kd5 Kxa4 74. Kc4 Bc1 75. Rxb6 Ka3 76. Ra6 a4 1-0

[Event "World Rapid 2022"]
[Site "Almaty KAZ"]
[Date "2022.12.26"]
[Round "2.70"]
[White "Lintchevski, Daniil"]
[Black "Madaminov, Mukhiddin"]
[Result "1/2-1/2"]
[WhiteTitle "GM"]
[BlackTitle "IM"]
[WhiteElo "2548"]
[BlackElo "2438"]
[WhiteFideId "4171055"]
[BlackFideId "14210703"]
[EventDate "2022.12.26"]

1. e4 e5 2. Nf3 Nc6 3. Nc3 Nf6 4. h3 Bb4 5. Nd5 Bc5 6. Bc4 O-O 7. d3 Nxd5 8.
Bxd5 d6 9. c3 Be6 10. Bxe6 fxe6 11. Qb3 Qe8 12. Be3 Na5 13. Qd1 Bb6 14. O-O Nc6
15. Qe2 Qh5 16. Nd4 Qxe2 17. Nxe2 Bxe3 18. fxe3 d5 19. d4 Rad8 20. Ng3 g6 21.
Rad1 Kg7 22. h4 b5 23. Rfe1 Rfe8 24. Re2 a5 25. Red2 a4 26. b3 Na5 27. Rb1 c6
28. dxe5 Rd7 29. Ne2 axb3 30. axb3 Nb7 31. b4 Nd8 32. Nd4 Ra7 33. Rbb2 Ra1+ 34.
Kh2 Rf8 35. Ra2 Rff1 36. Nb3 Rxa2 37. Rxa2 Nf7 38. exd5 Nxe5 39. dxc6 Nxc6 40.
Nd4 Nxd4 41. exd4 Rc1 42. Ra7+ Kf6 43. Rc7 Kf5 44. Kg3 h5 45. Rc5+ Ke4 46. Kh2
Kf4 47. Rxb5 Rxc3 48. Rg5 Rc4 49. Rxg6 Rxd4 50. Rxe6 Kf5 51. Rb6 Rxh4+ 52. Kg3
Rg4+ 53. Kf3 Rf4+ 54. Ke3 Re4+ 55. Kf2 Rf4+ 56. Kg3 h4+ 57. Kh3 Kg5 58. Rb5+ Kg6
59. Rb8 Kg5 60. Rg8+ Kh5 61. Rb8 Rc4 62. Kh2 Kg6 63. Rb5 Rc3 64. Rc5 Rb3 65. b5
Kf6 66. Rd5 Ke6 67. Rh5 Kf6 68. Rc5 Ke6 69. Rc6+ Kf5 70. b6 Rb1 71. Rd6 Kg4 72.
Rg6+ Kf5 73. Rh6 Kg5 74. Rc6 Kg4 1/2-1/2